|
|
|
|
| LEADER |
00000nam a2200000 a 4500 |
| 001 |
UCH8055 |
| 003 |
CL-VaPUC |
| 008 |
091127e19950000MX |||||||||||||||||spa|d |
| 020 |
|
|
|a 9681836839
|
| 082 |
0 |
4 |
|a 371.2
|b QUE
|2 21
|
| 100 |
0 |
|
|a Quesada Castillo, Rocio
|e author
|9 544447
|
| 245 |
1 |
0 |
|a Ejercicios para preparar exámenes: guía del estudiante
|
| 300 |
|
|
|a 20 p
|
| 942 |
|
|
|c BK
|
| 945 |
|
|
|d 20091127 00:00:00
|a ccalabra
|
| 260 |
|
|
|a Ciudad de México
|b Limusa
|c 1995
|
| 650 |
|
0 |
|a Educación
|9 258661
|
| 650 |
|
0 |
|a Técnicas de estudio
|9 424342
|
| 650 |
|
0 |
|a Técnicas de enseñanza
|9 255352
|
| 650 |
|
0 |
|a Exámenes
|9 340201
|
| 650 |
|
0 |
|a Estrategias de aprendizaje
|9 502281
|
| 650 |
|
0 |
|a Calidad de la educación
|9 307271
|
| 583 |
|
|
|a last modification
|c 20091127 00:00:00
|k Rodrigo Vera
|
| 999 |
|
|
|c 338313
|d 338311
|